COMPARITION OF ORGANIC AND INORGANIC MULCHING ON GROWTH AND YIELD OF BOK CHOY(Brassica rapa var chinensis),ការប្រៀបធៀបគម្របសរីរាង្គ និងអសរីរាង្គទៅលើការលូតលាស់ និងទិន្នផលលើដំណាំស្ពៃតឿ (Record no. 22776)

000 -LEADER
fixed length control field 00701nam a22001337a 4500
040 ## - CATALOGING SOURCE
Transcribing agency RUA
082 ## - DEWEY DECIMAL CLASSIFICATION NUMBER
Classification number AGR NOB 2021 B1-570 Or.
100 ## - MAIN ENTRY--AUTHOR NAME
Personal name NOB RISA,ណុប រីសា
245 ## - TITLE STATEMENT
Title COMPARITION OF ORGANIC AND INORGANIC MULCHING ON GROWTH AND YIELD OF BOK CHOY(Brassica rapa var chinensis),ការប្រៀបធៀបគម្របសរីរាង្គ និងអសរីរាង្គទៅលើការលូតលាស់ និងទិន្នផលលើដំណាំស្ពៃតឿ
260 ## - PUBLICATION, DISTRIBUTION, ETC. (IMPRINT)
Place of publication phnom penh
Name of publisher rua
Year of publication 2021
300 ## - PHYSICAL DESCRIPTION
Number of Pages x.34p.
Other physical details ill.
Dimensions 29cm.
856 ## - ELECTRONIC LOCATION AND ACCESS
Uniform Resource Identifier https://drive.google.com/file/d/1FnpSLfZNgx5V7scdOjOGAE9I-MmYP1mQ/view?usp=sharing
942 ## - ADDED ENTRY ELEMENTS (KOHA)
Koha item type AGR
952 ## - LOCATION AND ITEM INFORMATION (KOHA)
Withdrawn status [LOCAL, KOHA] 0
952 ## - LOCATION AND ITEM INFORMATION (KOHA)
Withdrawn status [LOCAL, KOHA] 0
952 ## - LOCATION AND ITEM INFORMATION (KOHA)
Withdrawn status [LOCAL, KOHA] 0
952 ## - LOCATION AND ITEM INFORMATION (KOHA)
Withdrawn status [LOCAL, KOHA] 0
Holdings
Permanent Location Date acquired Koha item type Lost status Shelving location Barcode Current Location Full call number
Library Block B2024-04-03AGR B1.570a076389Library Block BAGR NOB 2021 B1-570 Or.
Library Block B2024-04-03AGR B1.570a076397Library Block BAGR NOB 2021 B1-570 Or.
Library Block B2024-04-03AGR B1.570a076401Library Block BAGR NOB 2021 B1-570 Or.
Library Block B2024-04-03AGR B1.570a073408Library Block BAGR NOB 2021 B1-570 Or.
មជ្ឈមណ្ឌលឯការនៃសាកលវិទ្យាល័យភូមិន្ទកសិកម្មចំការដូង

Powered by Koha